00554nam a22001697a 4500003000900000008004100009040007100050082001700121100002700138245005300165260004100218300003000259650001700289650001500306650001300321700005000334AR-CdUCM190223b           ||||| |||| 00| 0 spa d  aMUNICIPALIDAD PROVINCIAL DEL CUSCOcBIBLIOTECA MUNICIPAL DEL CUSCO  a830.8 /bG79  aGregor-Dellin, Martin   aNueva literatura alemana :bNarrativa y ensayo /  aBuenos Aires :bSudamericana,c1975.  a263 páginas ;c19.7 cm.  aAntologías  aLiteratura  aAlemania  aMendilaharzu de Machain, Nélida (traductor)